| 000 | 01195nam a2200325 i 4500 | ||
|---|---|---|---|
| 003 | EG-GICUC | ||
| 005 | 20260121101424.0 | ||
| 008 | 251203s2009 ua ||||fr|||| 000 0 ara d | ||
| 017 | _a2008/23840 | ||
| 020 | _a977-328-531-6 | ||
| 040 |
_a EG-GICUC _bara _c EG-GICUC _d EG-GICUC _erda |
||
| 041 | _aara | ||
| 082 | 0 | 4 |
_221 _a343.5 _bن ب . ح |
| 092 | 0 | 4 | _221 |
| 099 | _aLaw1 10 343.5 ن ب . ح 2009 | ||
| 100 | 0 |
_aنبيل محمود حسن _eمؤلف. |
|
| 245 | 1 | 2 |
_aالحماية الجنائية لضحايا الجريمة في القانون الدولي الإنساني / _cنبيل محمود حسن. |
| 264 | 1 |
_aالأسكندرية : _bدار الجامعة الجديدة للنشر, _c2009. |
|
| 300 |
_a409 صفحة ؛ _c24 سم. |
||
| 336 |
_2rda content _atext |
||
| 337 |
_2rda media _aComputer |
||
| 338 |
_2rda carrier _aOnline Resource |
||
| 504 | _a. 400-379ببليوجرافيا: صفحات. | ||
| 650 | 1 | 4 |
_aالقانون الجنائي الدولي _2qrmak |
| 650 | 1 | 4 | _aالقضاء الجنائي الدولي |
| 651 | 1 | _2qrmak | |
| 856 | 4 | 0 | _uhttps://fll.law.cu.edu.eg/fulltext/bks/B10-06701.pdf |
| 905 |
_a5 _eHassnaa |
||
| 942 |
_2ddc _cBK _e21 _n0 |
||
| 999 |
_c48126 _d48126 |
||